000 00465nam a22001817a 4500
003 UA-OsUOA
001 11931
007 ta
008 20050421b un ||||| |||| 00| 0 ukr d
100 _aЯсперс К.
942 _cSA
040 _aUA-OsUOA
_cUA-OsUOA
_dUA-OsUOA
245 _aТехніка мислення
300 _aС.95-103
955 _a0
773 0 _w0
_tФілософська думка
_dКиїв
_d2005
_g№2
650 7 _aОнтологія
_2UDC
999 _c298092
_d298092